Notes sur la philosophie en France au XIX siécle: de Maine de Biran á Bergson

Saved in:
Bibliografiske detaljer
Hovedforfatter: Beaufret, Jean (Author)
Format: Bog
Sprog:fransk
Udgivet: París J. Vrin 1984
Serier:Problémes et Controverses
Fag:
Tags: Tilføj Tag
Ingen Tags, Vær først til at tagge denne postø!

MARC

LEADER 00000nam a2200000 a 4500
001 UCZ3882
003 CL-VaPUC
005 20230504155832.0
008 951027e19840000FR |||||||||||||||||fre|d
999 |c 240328  |d 240326 
040 |c Pontificia Universidad Católica de Valparaíso 
082 0 4 |a 194  |b BEA  |2 21 
100 0 |a Beaufret, Jean  |e author  |9 347737 
245 1 0 |a Notes sur la philosophie en France au XIX siécle: de Maine de Biran á Bergson 
260 |a París  |b J. Vrin  |c 1984 
300 |a 133 p 
490 0 |a Problémes et Controverses 
583 |a last modification  |c 19951027 00:00:00  |k Rodrigo Vera 
600 0 7 |a Maine de Biran, François-Pierre,  |d 1766-1824  |9 861990 
600 0 |a Bergson, Henri-Louis  |9 318450 
600 0 7 |a RAVAISSON MOLLIEN, FELIX  |2 CL-VaPUC  |9 335835 
600 0 7 |a LACHELIER, JULES  |2 CL-VaPUC  |9 335832 
600 0 7 |a BOUTROUX, EMILIO  |2 CL-VaPUC  |9 347738 
600 0 |a Comte, Auguste  |9 334591 
650 0 |a Filosofía francesa   |9 255698 
650 0 |a Historia  |9 255047 
650 0 |a Escuelas filosóficas   |9 266232 
942 |c BK  |2 ddc 
945 |d 19951027 00:00:00  |a cmena 
952 |0 0  |1 0  |4 0  |6 194_000000000000000_BEA_1984  |7 0  |8 P  |9 252164  |a BIBEDU  |b BIBEDU  |c BIBEDU_PB  |d 2019-11-18  |i 1591428  |o 194 BEA 1984  |p 1591428  |r 2024-01-25  |w 2019-11-18  |y BK  |k FIL